| 000 | 00366nam a2200145Ia 4500 | ||
|---|---|---|---|
| 008 | 191201s2012 xx 000 0 und d | ||
| 082 |
_a004 _bMIT |
||
| 100 | _aMISHRA, K L P | ||
| 245 | 0 | _aTheory of Computer Science Automata, Languages and Computation | |
| 250 | _a3rd | ||
| 260 |
_aN.Delhi _bPHI _c2012 |
||
| 300 | _a422 | ||
| 650 | _aB.Tech(IT) | ||
| 942 |
_2ddc _cBK |
||
| 999 |
_c3563 _d3563 |
||